Selected Philippine Folktales/ (Record no. 9973)

MARC details
000 -LEADER
fixed length control field 00403nam a22001457a 4500
003 - CONTROL NUMBER IDENTIFIER
control field OSt
005 - DATE AND TIME OF LATEST TRANSACTION
control field 20260428004826.0
008 - FIXED-LENGTH DATA ELEMENTS--GENERAL INFORMATION
fixed length control field 260428b |||||||| |||| 00| 0 eng d
040 ## - CATALOGING SOURCE
Original cataloging agency DWC-Main lib
Transcribing agency OC
082 ## - DEWEY DECIMAL CLASSIFICATION NUMBER
Classification number Res. 398.2 Se48 2001
100 ## - MAIN ENTRY--PERSONAL NAME
Personal name Olino, Rogelio S.
245 ## - TITLE STATEMENT
Title Selected Philippine Folktales/
Statement of responsibility, etc. Rogelio S. Olino
260 ## - PUBLICATION, DISTRIBUTION, ETC.
Name of publisher, distributor, etc. RSO Trading
Date of publication, distribution, etc. c2001
942 ## - ADDED ENTRY ELEMENTS (KOHA)
Source of classification or shelving scheme Dewey Decimal Classification
Koha item type Book- Reserved
Call number prefix Res.
Suppress in OPAC No
952 ## - LOCATION AND ITEM INFORMATION (KOHA)
--
Holdings
Withdrawn status Lost status Source of classification or shelving scheme Damaged status Not for loan Home library Current library Shelving location Date acquired Source of acquisition Total Checkouts Full call number Barcode Date last seen Copy number Price effective from Koha item type Uniform Resource Identifier
    Dewey Decimal Classification     College Library College Library Reserved 04/28/2026 School Fund   Res. 398.2 Se48 2001 CL37917 04/28/2026 c1 04/28/2026 BK-0 CIRC